"G" Cities in the United States - Statistics

General Stats
  • This quiz has been taken 61 times
  • The average score is 7 of 12
Answer Stats
State Population Answer % Correct
North Carolina 299,035 Greensboro
86%
Michigan 198,917 Grand Rapids
80%
Wisconsin 107,395 Green Bay
80%
Arizona 248,325 Glendale
75%
California 196,543 Glendale
75%
Florida 141,085 Gainesville
57%
Arizona 267,918 Gilbert
55%
Texas 246,018 Garland
52%
Colorado 108,795 Greeley
38%
Oregon 114,247 Gresham
36%
Texas 196,100 Grand Prairie
30%
California 171,949 Garden Grove
27%
No matching quizzes found
Score Distribution
Percent of People with Each Score
Percentile by Number Answered
Your Score History
You have not taken this quiz